Statistics for Common Abbreviations Quiz

Click here to take the quiz!

General Stats

  • This quiz has been taken 21 times
    (15 since last reset)
  • The average score is 18 of 26

Answer Stats

AbbreviationFull Meaning% Correct
ASAPAs soon as possible
100%
DIYDo it yourself
100%
MPHMiles per hour
100%
BRBBe right back
93%
BTWBy the way
93%
GTGGot to go
93%
TYThank You
93%
FYIFor your information
86%
SW (Direction)South West
86%
VIPVery important person
86%
FBIFederal Bureau of Investigation
71%
LMKLet me know
71%
MIAMissing in action
71%
YOLOYou only live once
71%
CIACentral Intelligence Agency
64%
FAQFrequently Asked Questions
64%
AFKAway from keyboard
57%
CEOChief Executive Officer
57%
ETA (For Traveling)Estimated time of arrival
57%
SMHShaking my head
57%
POWPrisoner of war
50%
ROFLRolling on the floor laughing
50%
IRSInternal Revenue Service
43%
NASANational Aeronautics and Space Administration
21%
LaserLight Amplification by Stimulated Emission of Radiation
14%
EVP (Company)Executive Vice President
0%

Score Distribution

Percentile by Number Answered

Percent of People with Each Score

Your Score History

You have not taken this quiz since the last reset